Pembinaan kesatuan bangsa. (Record no. 64756)

MARC details
000 -LEADER
fixed length control field 00633cam a22002171 4500
001 - CONTROL NUMBER
control field sa 65006632
003 - CONTROL NUMBER IDENTIFIER
control field DLC
005 - DATE AND TIME OF LATEST TRANSACTION
control field 20260227112143.0
008 - FIXED-LENGTH DATA ELEMENTS--GENERAL INFORMATION
fixed length control field 890403q io c 000 0 ind
010 ## - LIBRARY OF CONGRESS CONTROL NUMBER
LC control number sa 65006632
035 ## - SYSTEM CONTROL NUMBER
System control number (OCoLC)23569812
040 ## - CATALOGING SOURCE
Original cataloging agency DLC
Transcribing agency MiU
Modifying agency DLC
042 ## - AUTHENTICATION CODE
Authentication code premarc
043 ## - GEOGRAPHIC AREA CODE
Geographic area code a-io---
050 00 - LIBRARY OF CONGRESS CALL NUMBER
Classification number DS644
Item number .2 1964.A648
100 1# - MAIN ENTRY--PERSONAL NAME
Personal name Abdulgani, Roeslan,
Dates associated with a name 1914-
245 10 - TITLE STATEMENT
Title Pembinaan kesatuan bangsa.
260 ## - PUBLICATION, DISTRIBUTION, ETC.
Place of publication, distribution, etc. [Djakarta]
Name of publisher, distributor, etc. B.P.U. Perusahaan Pertjetakan dan Penerbitan Negara, Departemen Penerangan
Date of publication, distribution, etc. [cover 1964]
300 ## - PHYSICAL DESCRIPTION
Extent 28 p.
Other physical details port.
Dimensions 20 cm.
650 #0 - SUBJECT ADDED ENTRY--TOPICAL TERM
Topical term or geographic name entry element Nationalism
Geographic subdivision Indonesia.

No items available.

Powered by Koha